00546nam a22001697a 450000500170000001000150001702000270003203500140005903700130007308200160008610000180010224500640012026000450018427001020022930000250033150000200035620170623170453.0 aENG-118927 a9788181770387c1100.00 aEN-102459 bDBAD/PUB a615.3210954 aSelvam,A.B.D. aPharmacognosy of negative listed plants /cby A.B.D. Selvom aKolkatabBotanical survey of indiac2012 aCGO Complex , 3rd Floor MSO Building,DF Block 5th and 6th floor, Sector1,Salt Lake Kolkata-700064 a286pc22cm(Hb)bill. aIncludes Index